African Geography by Letter - L - Statistics

General Stats
  • This quiz has been taken 782 times
    731 since last reset
  • The average score is 15 of 20
Answer Stats
Hint Answer % Correct
Country founded by freed American slaves Liberia
99%
Egypt's neighbour Libya
99%
Country inside South Africa Lesotho
98%
Nigeria's biggest city Lagos
96%
Victoria, Tanganyika, Chad, for example Lake
96%
Primate found only in Madagascar Lemur
91%
Cat that can't change its spots Leopard
87%
A group of them is a pride Lion
87%
Angolan capital; one of world's most expensive cities Luanda
87%
Egyptian capital once called Thebes Luxor
82%
Capital of Malawi Lilongwe
80%
Capital of Togo Lome
80%
Gabonese capital Libreville
76%
Swarming insect or biblical plague; founded mostly in North Africa Locust
74%
Biggest city in Zambezi's river basin Lusaka
66%
Former name of Kinshasa Leopoldville
43%
Tourist center of Victoria Falls; named for a Scottish missionary Livingstone
43%
Main city of the Canary Islands Las Palmas
42%
River on the border between Zimbabwe and South Africa Limpopo
42%
Second-biggest city of D.R. Congo Lubumbashi
36%
No matching quizzes found
Score Distribution
Percent of People with Each Score
Percentile by Number Answered
Your Score History
You have not taken this quiz since the last reset